Pokémon - Les attaques de Cheniselle Cape Sable - Statistiques

Statistiques générales
  • Ce quiz a été pris 12 fois
  • Le résultat moyen est 14 sur 16
Statistiques - réponses
Niveaux Types Noms des attaques % Correct
Départ Niveau 10 Normal Abri
100%
Niveau 50 Insecte Bourdon
100%
Départ Normal Charge
100%
Niveau 23 Psy Choc Mental
100%
Départ Évolution Insecte Papillodanse
100%
Départ Niveau 15 Insecte Piqûre
100%
Niveau 44 Psy Psyko
100%
Niveau 32 Psy Rafale Psy
100%
Niveau 47 Sol Abîme
83%
Niveau 26 Roche Boule Roc
83%
Départ Ténèbres Coup Bas
83%
Niveau 41 Normal Attraction
67%
Niveau 20 Normal Puissance Cachée
67%
Niveau 35 Normal Séduction
67%
Niveau 29 Normal Armure
50%
Niveau 38 Normal Fléau
50%
Aucun quiz correspondant
Distribution des résultats
% des personnes avec chaque résultat
Percentile par nombre de réponses
Votre historique - résultats
Vous n’avez pas pris ce quiz